| 000 | 00401nam a22001457a 4500 | ||
|---|---|---|---|
| 020 | _a0071181822 | ||
| 040 | _cNUST | ||
| 082 |
_a005.1 _bPRE |
||
| 100 |
_aRoger S. Pressman _9125041 |
||
| 245 | _aSoftware Engineering A Practitioner's Approach | ||
| 250 | _aFifth Edition | ||
| 260 |
_aNew York: _bMcGraw Hill, _c2001. |
||
| 650 | _2Software Engineering A Practitioner's Approach | ||
| 942 |
_2ddc _cBK |
||
| 999 |
_c611090 _d611090 |
||